Canada ABC (Record no. 119587)

MARC details
000 -LÍDER
campo de controle de tamanho fixo 00851 a2200253 4500
001 - NÚMERO DE CONTROLE
campo de controle 119587
020 ## - ISBN - INTERNATIONAL STANDARD BOOK NUMBER
ISBN - International Standard Book Number 9781443448840
040 ## - FONTE DA CATALOGAÇÃO
Instituição que transcreveu o registro Escola Canadense de Niteroi
090 ## - NÚMERO DE CHAMADA LOCAL
Número de chamada (OCLC) (R); Número de chamada, CALL (RLIN) (NR) COV
100 ## - ENTRADA PRINCIPAL--NOME PESSOAL
Nome pessoal Covello, Paul
245 10 - TÍTULO
Título Canada ABC
250 ## - EDIÇÃO
Edição 1. Ed.
260 ## - PUBLICAÇÃO, DISTRIBUIÇÃO, ETC.
Local de publicação, distribuição, etc. Canada
300 ## - DESCRIÇÃO FÍSICA
Extensão 30 p.
Dimensões 8 x 0.9 x 8.9 inches (hardcover)
362 0# - DATAS DE PUBLICAÇÃO E/OU DESIGNAÇÃO SEQUENCIAL
Datas de publicação e/ou designação sequencial 2016
520 ## - NOTA DE RESUMO, ETC
Resumo, etc. A is for Arctic, B is for Beaver …<br/>Paul Covello’s gloriously bright and detailed board book for the very young highlights Canada’s iconic symbols, souvenirs and events, including the Dogsled, Inuksuk, Loonie, Totem Pole and the Zamboni machine. From the author of the beloved Toronto ABC.
650 #4 - ASSUNTO--TERMO TÓPICO
Cabeçalho tópico ou nome geográfico Canada
650 #4 - ASSUNTO--TERMO TÓPICO
Cabeçalho tópico ou nome geográfico Board books
650 #4 - ASSUNTO--TERMO TÓPICO
Cabeçalho tópico ou nome geográfico Letters
650 #4 - ASSUNTO--TERMO TÓPICO
Cabeçalho tópico ou nome geográfico Alphabet
650 #4 - ASSUNTO--TERMO TÓPICO
Cabeçalho tópico ou nome geográfico Non-Fiction
650 #4 - ASSUNTO--TERMO TÓPICO
Cabeçalho tópico ou nome geográfico Kindergarten's Literature
942 ## - ELEMENTOS DE ENTRADA ADICIONADOS (KOHA)
Tipo de material Koha Livros
Holdings
Situação do descarte Situação das perdas Situação física Não pode ser emprestado Biblioteca de origem Biblioteca atual Data de aquisição Total de empréstimos Número de chamada completo Código de barras Data de último acesso Data do preço efetivo Tipo de material Koha
        Canadian School of Niterói - Piratininga Canadian School of Niterói - Piratininga 09/02/2024   COV A13768 09/02/2024 09/02/2024 Livros